| 000 | 00816nam a22002417a 4500 | ||
|---|---|---|---|
| 999 |
_c10132 _d10132 |
||
| 001 | 10132 | ||
| 003 | BD-JhCC | ||
| 005 | 20180521100739.0 | ||
| 008 | 180418b1995 bg ||||| |||| 00| 0 ben d | ||
| 020 | _a9840903977 | ||
| 035 | _a(BD-JhCC)10132 | ||
| 040 |
_aBD-JhCC _dBD-JhCC |
||
| 041 | _aben | ||
| 082 |
_a003 _bSHI 1995 |
||
| 245 |
_aশিশু বিশ্বকোষ / _cসম্পাদনায় আব্দুল্লাহ আল-মুতী, আহমদ রফিক |
||
| 260 |
_aঢাকা : _bবাংলাদেশ শিশু একাডেমী _c1995. |
||
| 300 |
_a1-V p. : _c24 cm. |
||
| 650 | _aEncyclopedia children's | ||
| 700 | _a আল-মুতী, আব্দুল্লাহ | ||
| 700 | _a রফিক, আহমদ | ||
| 942 |
_2ddc _cREF |
||